01426nam a2200337 a 4500001001000000003000900010005001700019007000300036008004100039020001500080040003000095082002300125110005900148245018900207250003700396264005000433300002700483336002700510337003300537338002800570590002800598650005400626700005200680700005500732700005700787740007200844910000700916942001400923952013400937999001701071000048487DO-SdBNP20250220104609.0ta240501s2010 dr r 000 spa d a9993490962 aDO-SdBNPbspacBNPHUdrda a343.01016bI392221 aRepública Dominicana.bMinisterio de Defensa.975436 0aÍndice de la legislación militar dominicana, 1844-2008 cCompilado y actualizado por Ana Marina Méndez Gómez, Miledys Marmolejos de Carvajal y Ana Nilda Pichardo de los Santos. a2 da. ed., corregida y aumentada aSanto Domingo :bMinisterio de Defensa,c2010 a254 paginas. ;c28 cm. 2rdacontentatextobtxt 2rdamediaasin mediaciónbn 2rdacarrieravolumenbnc aInventariado, 2024 / DG 4aDerechozRepública DominicanavÍNDICES953754 aMéndez Gómez, Ana Marinaecompilador975912 aMarmolejos de Carvajal, Miledysecompilador975913 aPichardo de los Santos, Ana Nildaecompilador9853540 aLey orgánica de las Fuerzas Armadas de la República Dominicana. aDG 2ddccLBS1 00102ddc51708PDaBNPHUbBNPHUcCTd2024-05-01edonaciónl0oBNPHU PD 343.01016 I39p2024-2678r2024-05-01w2024-05-01yLBS1 c56565d56565